Losowe słowa w języku śląskim - Statystyki

Ogólne statystyki
  • Ten quiz został rozwiązany 82 razy
  • Średni wynik to 4 z 15
Statystyki odpowiedzi
Śląski Polski % Poprawnych
Kaj Gdzie
87%
Mōnka Mąka
54%
Sztwortek Czwartek
52%
Wiela Ile
46%
Tyj Herbata
42%
Cera Córka
39%
Szrank Szafa
34%
Lipiyń Lipiec
28%
Pleś Pleśń
21%
Kucanie Kaszel
18%
Fana Flaga
13%
Kapturã Bluza
6%
Blinki Naleśniki
6%
Spōsōb Droga
1%
Tōż Więc
1%
Nie znaleziono quizów pasujących do podanych kryteriów
Rozkład punktacji
Procent ludzi z każdym wynikiem
Percentyl według liczby udzielonych odpowiedzi
Twoja historia wyników
Nie rozwiązałeś tego quizu